Freedom from want : (Record no. 522652)

000 -LEADER
fixed length control field 02057cam a2200361 a 4500
001 - CONTROL NUMBER
control field 15578956
003 - CONTROL NUMBER IDENTIFIER
control field NUST
005 - DATE AND TIME OF LATEST TRANSACTION
control field 20181220065958.0
008 - FIXED-LENGTH DATA ELEMENTS--GENERAL INFORMATION
fixed length control field 090108s2009 vauab b 001 0 eng
010 ## - LIBRARY OF CONGRESS CONTROL NUMBER
LC control number 2008053520
015 ## - NATIONAL BIBLIOGRAPHY NUMBER
National bibliography number GBA923824
Source bnb
016 7# - NATIONAL BIBLIOGRAPHIC AGENCY CONTROL NUMBER
Record control number 014921954
Source Uk
020 ## - INTERNATIONAL STANDARD BOOK NUMBER
International Standard Book Number 9781565492943 (pbk. : alk. paper)
020 ## - INTERNATIONAL STANDARD BOOK NUMBER
International Standard Book Number 9781565492851 (cloth : alk. paper)
035 ## - SYSTEM CONTROL NUMBER
System control number (OCoLC)ocn277203939
038 ## - RECORD CONTENT LICENSOR
Staff Name waseem
040 ## - CATALOGING SOURCE
Original cataloging agency DLC
Transcribing agency DLC
Modifying agency BTCTA
-- YDXCP
-- UKM
-- C#P
-- CDX
-- BWX
-- TTU
-- DLC
043 ## - GEOGRAPHIC AREA CODE
Geographic area code a-bg---
050 00 - LIBRARY OF CONGRESS CALL NUMBER
Classification number HN690.6.Z9
Item number C66453 2009
082 00 - DEWEY DECIMAL CLASSIFICATION NUMBER
Classification number 362.557709
Edition number 22
Author Mark SMI
100 1# - MAIN ENTRY--PERSONAL NAME
Personal name Smillie, Ian.
9 (RLIN) 12744
245 10 - TITLE STATEMENT
Title Freedom from want :
Remainder of title the remarkable success story of BRAC, the global grassroots organization that's winning the fight against poverty /
Statement of responsibility, etc. Ian Smillie.
260 ## - PUBLICATION, DISTRIBUTION, ETC.
Place of publication, distribution, etc. Sterling, VA :
Name of publisher, distributor, etc. Kumarian Press,
Date of publication, distribution, etc. 2009.
300 ## - PHYSICAL DESCRIPTION
Extent xiii, 285 p. :
Other physical details ill., map ;
Dimensions 23 cm.
504 ## - BIBLIOGRAPHY, ETC. NOTE
Bibliography, etc. note Includes bibliographical references (p. 265-267) and index.
505 00 - FORMATTED CONTENTS NOTE
Miscellaneous information Introduction: The
Title age of ambition --
-- Sonar Bangla --
-- Arms and the man --
Miscellaneous information The
Title plan --
Miscellaneous information The
Title problem --
-- Learning and unlearning --
-- Dulling the edge of husbandry? --
Miscellaneous information The
Title learning organization --
Miscellaneous information A
Title chicken and egg problem --
Miscellaneous information A
Title simple solution --
-- Of pink elephants and 9/11 --
Miscellaneous information The
Title mulberry bush --
-- Water and milk --
-- Millennium Development Goal 6 (Target 8) --
-- Educating Bangladesh --
-- Challenging the frontiers --
-- University --
-- On being ready --
Miscellaneous information The
Title democratic deficit --
-- Afghanistan --
Miscellaneous information The
Title source of the Nile --
-- In larger freedom.
610 20 - SUBJECT ADDED ENTRY--CORPORATE NAME
Corporate name or jurisdiction name as entry element BRAC (Organization)
9 (RLIN) 12745
650 #0 - SUBJECT ADDED ENTRY--TOPICAL TERM
Topical term or geographic name entry element Rural development
Geographic subdivision Bangladesh.
9 (RLIN) 12746
650 #0 - SUBJECT ADDED ENTRY--TOPICAL TERM
Topical term or geographic name entry element Non-governmental organizations
Geographic subdivision Bangladesh.
9 (RLIN) 12747
906 ## - LOCAL DATA ELEMENT F, LDF (RLIN)
a 7
b cbc
c orignew
d 1
e ecip
f 20
g y-gencatlg
942 ## - ADDED ENTRY ELEMENTS (KOHA)
Source of classification or shelving scheme
Koha item type Book
Holdings
Withdrawn status Lost status Source of classification or shelving scheme Damaged status Not for loan Collection code Permanent Location Current Location Shelving location Date acquired Source of acquisition Total Checkouts Full call number Barcode Date last seen Price effective from Koha item type
            Central Library (CL) Central Library (CL) Book Cart 12/20/2018 Donation   362.557709 SMI CL-D-198 04/02/2024 12/20/2018 Book
© 2023 Central Library, National University of Sciences and Technology. All Rights Reserved.